[Event "Al-Ain Classic Open A 2013"]
[Site "Al-Ain UAE"]
[Date "2013.12.24"]
[Round "6.29"]
[White "Hejazipour, Mitra"]
[Black "Kanter, Eduard"]
[Result "0-1"]
[WhiteTitle "WIM"]
[BlackTitle "IM"]
[WhiteElo "2274"]
[BlackElo "2406"]
[WhiteFideId "12505951"]
[BlackFideId "4103963"]
[EventDate "2013.12.19"]

1. d4 Nf6 2. Nf3 g6 3. c4 Bg7 4. g3 O-O 5. Bg2 c6 6. O-O d5 7. Qb3 a5 8. cxd5 a4
9. Qd1 cxd5 10. Nc3 Ne4 11. Nxa4 Qa5 12. Nc5 Nxc5 13. dxc5 Qxc5 14. Be3 Qb5 15.
Bd4 f6 16. a4 Qd7 17. b4 e5 18. Bc5 Re8 19. Ne1 d4 20. Qb3+ Kh8 21. b5 Qc7 22.
Qb4 Nd7 23. Bd6 Bf8 24. Bxc7 Bxb4 25. a5 Bc3 26. Ra3 e4 27. f3 Ne5 28. Nc2 exf3
29. exf3 Bf5 30. f4 Nc4 31. Bxb7 Nxa3 32. Nxa3 Bxa5 33. Bxa8 Bxc7 34. Bc6 Re3
35. Nc4 Rc3 36. b6 Rxc4 37. Bd5 Rc5 38. bxc7 Rxd5 39. Rc1 Bc8 40. Re1 d3 41.
Re8+ Kg7 42. Rd8 Rd7 0-1

[Event "Al-Ain Classic Open A 2013"]
[Site "Al-Ain UAE"]
[Date "2013.12.24"]
[Round "6.30"]
[White "Nezad, Husein Aziz"]
[Black "Gluckman, David"]
[Result "1-0"]
[WhiteTitle "IM"]
[BlackTitle "IM"]
[WhiteElo "2400"]
[BlackElo "2237"]
[WhiteFideId "12100293"]
[BlackFideId "14300010"]
[EventDate "2013.12.19"]

1. Nf3 Nf6 2. c4 g6 3. Nc3 d5 4. cxd5 Nxd5 5. Qb3 Nb6 6. d4 Bg7 7. e4 O-O 8. Be3
Bg4 9. Rd1 Nc6 10. d5 Ne5 11. Be2 Nxf3+ 12. gxf3 Bd7 13. h4 Qe8 14. h5 Ba4 15.
Nxa4 Qxa4 16. Qxa4 Nxa4 17. b3 Nc3 18. Rc1 Rfc8 19. h6 Bh8 20. Bd2 Nxe2 21. Kxe2
Be5 22. f4 Bd6 23. e5 Ba3 24. Rc2 a5 25. Rh3 c6 26. dxc6 bxc6 27. Rhc3 Ra6 28.
Rc4 e6 29. Ra4 Bf8 30. b4 Bxh6 31. Rxa5 Rxa5 32. bxa5 Bf8 33. a6 c5 34. Rb2 Ra8
35. Rb6 h5 36. Rc6 Be7 37. Rc7 Kf8 38. a7 Ke8 39. Rb7 Bd8 40. Be3 h4 41. Bxc5 1-0

[Event "Al-Ain Classic Open A 2013"]
[Site "Al-Ain UAE"]
[Date "2013.12.24"]
[Round "6.31"]
[White "Dauletova, Gulmira"]
[Black "Hesham, Abdelrahman"]
[Result "0-1"]
[WhiteTitle "WIM"]
[BlackTitle "IM"]
[WhiteElo "2214"]
[BlackElo "2374"]
[WhiteFideId "13702971"]
[BlackFideId "10600183"]
[EventDate "2013.12.19"]

1. e4 c5 2. Nf3 d6 3. d4 cxd4 4. Nxd4 Nf6 5. Nc3 e6 6. Bc4 a6 7. O-O Be7 8. Bb3
b5 9. f4 Bb7 10. e5 dxe5 11. fxe5 Nfd7 12. Bf4 O-O 13. Qg4 Qb6 14. Rad1 Nc6 15.
Bh6 g6 16. Bxf8 Rxf8 17. Ne2 Ndxe5 18. Qg3 Nc4 19. Kh1 e5 20. Bxc4 bxc4 21. Nxc6
Bxc6 22. b3 Qa5 23. Qc3 Qxc3 24. Nxc3 cxb3 25. axb3 Bc5 26. Nd5 Kg7 27. Rfe1 Rd8
28. c4 Rb8 29. Rd3 Bd4 30. Nc7 a5 31. h3 Bd7 32. Nd5 Bf5 33. Rf3 Bc2 34. Ne7 Rb6
35. Rc1 Be4 36. Rg3 Rf6 37. Nd5 Rf2 38. Nc3 Bc6 39. Nd5 e4 40. Ne7 Bb7 41. c5 e3
42. c6 Ba6 43. Rf3 Rd2 44. Re1 e2 45. Kh2 Rd1 46. Rxe2 Bxe2 0-1

[Event "Al-Ain Classic Open A 2013"]
[Site "Al-Ain UAE"]
[Date "2013.12.24"]
[Round "6.32"]
[White "Khatanbaatar, Bazar"]
[Black "Kurbanov, Charygeldy"]
[Result "1-0"]
[WhiteTitle "GM"]
[WhiteElo "2329"]
[BlackElo "2104"]
[WhiteFideId "4900332"]
[BlackFideId "14001152"]
[EventDate "2013.12.19"]

1. e4 e5 2. Nf3 Nc6 3. d4 exd4 4. Nxd4 d6 5. Bb5 Bd7 6. Nc3 Nf6 7. Bxc6 bxc6 8.
Qf3 c5 9. Nf5 Bxf5 10. Qxf5 Be7 11. O-O O-O 12. Bg5 h6 13. Bh4 Rb8 14. b3 Ne8
15. Bg3 Bf6 16. e5 dxe5 17. Bxe5 Bxe5 18. Qxe5 Qd4 19. Qg3 Qd6 20. Ne4 Qxg3 21.
hxg3 c4 22. Rfd1 f5 23. Nc5 Nf6 24. Rd4 Rfe8 25. Rxc4 Rbd8 26. Nd3 Rd7 27. Re1
Red8 28. f3 Ne8 29. Ra4 Nd6 30. Re5 c6 31. Ra6 Rc7 32. a4 Nc8 33. Rxf5 Rd5 34.
Rxd5 cxd5 35. Ne1 Kf7 36. Kf2 Nb6 37. Ke3 Re7+ 38. Kd2 d4 39. Ra5 Rd7 40. Nd3
Kf6 41. Nc5 Rc7 42. Kd3 Nd5 43. Kxd4 Nb4 44. Kc3 Nc6 45. Ne4+ Ke7 46. Rc5 a5 47.
Kb2 Kd7 48. c3 Ra7 49. Ka3 Rb7 50. Rb5 Ra7 51. g4 1-0

[Event "Al-Ain Classic Open A 2013"]
[Site "Al-Ain UAE"]
[Date "2013.12.24"]
[Round "6.33"]
[White "Kulkarni, Bhakti"]
[Black "Djaballah, Farouk"]
[Result "1-0"]
[WhiteTitle "CM"]
[WhiteElo "2267"]
[BlackElo "2037"]
[WhiteFideId "5019516"]
[BlackFideId "7900937"]
[EventDate "2013.12.19"]

1. d4 d5 2. c4 c6 3. Nf3 Nf6 4. e3 e6 5. Nbd2 Nbd7 6. Bd3 Be7 7. O-O O-O 8. b3
b6 9. e4 dxe4 10. Nxe4 Bb7 11. Qe2 c5 12. Bb2 cxd4 13. Bxd4 Bxe4 14. Bxe4 Nxe4
15. Qxe4 Qc7 16. Rfe1 Rad8 17. Rad1 a5 18. Bb2 Bf6 19. Nd4 Nc5 20. Qf3 Qc8 21.
Nc6 Rxd1 22. Rxd1 Qc7 23. Bxf6 gxf6 24. Qg3+ Qxg3 25. hxg3 Re8 26. Rd6 Ne4 27.
Rd7 Nc5 28. Rc7 Kf8 29. Kf1 e5 30. Ke2 f5 31. Ke3 Re6 32. Nxa5 f4+ 33. gxf4
exf4+ 34. Kf3 Nd3 35. Nb7 f5 36. g3 fxg3 37. fxg3 Re4 38. Nd6 Ne5+ 39. Kf2 Ng4+
40. Kf1 Ne3+ 41. Kg1 Rd4 42. Nc8 Rd2 43. Nxb6 Rg2+ 44. Kh1 Rf2 45. Nd5 Rf1+ 46.
Kh2 Rf2+ 47. Kh3 Nf1 48. Kh4 Rxa2 49. b4 h6 50. Kh5 Nxg3+ 51. Kxh6 Ne4 52. Kg6
Ke8 53. Kxf5 Ng3+ 54. Kf4 Ne2+ 55. Ke5 Kd8 56. b5 Rb2 57. Rh7 Kc8 58. b6 Nc1 59.
Kd6 Nd3 60. c5 Rg2 61. Rh8+ Kb7 62. c6+ Ka6 63. Ra8+ Kb5 64. b7 Rg6+ 65. Ke7 1-0

[Event "Al-Ain Classic Open A 2013"]
[Site "Al-Ain UAE"]
[Date "2013.12.24"]
[Round "6.35"]
[White "Abdulla, Khayala"]
[Black "Sosovicka, Juraj"]
[Result "1/2-1/2"]
[WhiteTitle "WIM"]
[WhiteElo "2260"]
[BlackElo "2188"]
[WhiteFideId "13401807"]
[BlackFideId "14911418"]
[EventDate "2013.12.19"]

1. e4 e5 2. Nf3 Nc6 3. Bb5 f5 4. Nc3 fxe4 5. Nxe4 Nf6 6. Nxf6+ Qxf6 7. O-O Be7
8. Bxc6 dxc6 9. d4 e4 10. Ne5 O-O 11. f3 c5 12. Be3 Bd6 13. Nc4 Qe6 14. Nxd6
cxd6 15. dxc5 d5 16. fxe4 Rxf1+ 17. Qxf1 Qxe4 18. Qf2 Bf5 19. Rf1 Bg6 20. c3 Re8
21. Bd4 Qe2 22. Qf4 Qe7 23. Qg3 a6 24. b4 Rf8 25. Rxf8+ Qxf8 26. Qe5 Qf7 27. a4
h6 28. Qg3 Bc2 29. b5 Bxa4 30. bxa6 bxa6 31. h3 Bb5 32. Qd6 Qd7 33. Qb6 Kh7 34.
Qb8 a5 35. Qb6 a4 36. Qa5 Qb7 37. Qb4 Bc6 38. Qa5 Bb5 39. Qb4 Bc6 40. Qa5 1/2-1/2

[Event "Al-Ain Classic Open A 2013"]
[Site "Al-Ain UAE"]
[Date "2013.12.24"]
[Round "6.36"]
[White "Zayan, Osama"]
[Black "Seddaoui, Yamine"]
[Result "0-1"]
[WhiteElo "2234"]
[BlackElo "2051"]
[WhiteFideId "10601180"]
[BlackFideId "7902026"]
[EventDate "2013.12.19"]

1. e4 e5 2. Nf3 Nc6 3. Bb5 a6 4. Ba4 Nf6 5. O-O Nxe4 6. d4 b5 7. Bb3 d5 8. dxe5
Be6 9. c3 Bc5 10. Nbd2 O-O 11. Bc2 Nxf2 12. Rxf2 f6 13. exf6 Qxf6 14. Nf1 Bxf2+
15. Kxf2 Ne5 16. Qd4 c5 17. Qd1 Rad8 18. Kg1 Bg4 19. N1d2 Rde8 20. b3 Nxf3+ 21.
Nxf3 Qxc3 22. Qxd5+ Kh8 23. Qd3 Qe1+ 24. Qf1 Bxf3 25. gxf3 Rxf3 26. Qxe1 Rxe1+
27. Kg2 Rff1 28. a4 Rxc1 29. Ra2 Rg1+ 30. Kf3 Ra1 31. Rxa1 Rxa1 32. axb5 axb5 0-1

[Event "Al-Ain Classic Open A 2013"]
[Site "Al-Ain UAE"]
[Date "2013.12.24"]
[Round "6.37"]
[White "Kaboodi, Behrang"]
[Black "Plotkin, Victor"]
[Result "1/2-1/2"]
[BlackTitle "FM"]
[WhiteElo "2044"]
[BlackElo "2228"]
[WhiteFideId "12504955"]
[BlackFideId "2606674"]
[EventDate "2013.12.19"]

1. d4 d5 2. Bf4 Nf6 3. e3 c5 4. Nc3 Qa5 5. dxc5 Nc6 6. a3 Qxc5 7. Nf3 a6 8. Be2
Bf5 9. O-O e6 10. Rc1 Be7 11. Na4 Qa7 12. c4 dxc4 13. Rxc4 O-O 14. e4 Rad8 15.
Qc2 Bg6 16. Be3 Qb8 17. Bb6 Rc8 18. Rc1 Nxe4 19. Qd1 Nf6 20. Nc3 Bd6 21. b4 Ne5
22. Rxc8 Rxc8 23. h3 Nxf3+ 24. Bxf3 Bf4 25. Be3 Bxe3 26. fxe3 h6 27. Ne2 Rd8 28.
Qe1 Be4 29. Qc3 Bxf3 30. gxf3 Qd6 31. Qd4 Qxd4 32. Nxd4 Kf8 33. Kf2 Ke7 34. Ke2
Nd5 35. Nb3 Rd7 36. f4 Rc7 37. Rxc7+ Nxc7 38. Kd3 Kd6 39. e4 f6 40. h4 g5 41.
e5+ Ke7 42. exf6+ Kxf6 43. fxg5+ hxg5 44. hxg5+ Kxg5 45. Kd4 Kf4 46. Kc5 Na8 47.
a4 e5 48. a5 Nc7 49. Kd6 Nb5+ 50. Kc5 Nc3 51. Kb6 Nd5+ 52. Kc5 Ne7 53. b5 axb5
54. Kxb5 Nc6 55. a6 Nd4+ 56. Nxd4 bxa6+ 57. Kc4 e4 58. Kb4 1/2-1/2

[Event "Al-Ain Classic Open A 2013"]
[Site "Al-Ain UAE"]
[Date "2013.12.24"]
[Round "6.38"]
[White "Dahdal, Lougain"]
[Black "Andrenko, Irina"]
[Result "0-1"]
[WhiteTitle "WIM"]
[BlackTitle "WIM"]
[WhiteElo "2002"]
[BlackElo "2211"]
[WhiteFideId "8102880"]
[BlackFideId "14118270"]
[EventDate "2013.12.19"]

1. d4 Nf6 2. c4 g6 3. Nc3 Bg7 4. e4 d6 5. Bd3 O-O 6. Nge2 Nc6 7. O-O Nh5 8. Bc2
e5 9. d5 Ne7 10. Rb1 f5 11. exf5 gxf5 12. f4 Ng6 13. fxe5 dxe5 14. c5 Kh8 15.
Be3 f4 16. Bf2 f3 17. gxf3 Rxf3 18. Ng3 Bg4 19. Nxh5 Bxh5 20. Qd2 Nf4 21. Be3
Nh3+ 22. Kg2 Qh4 23. Ne4 Rg8 24. Ng3 Bh6 25. Qc3 Rfxg3+ 0-1

[Event "Al-Ain Classic Open A 2013"]
[Site "Al-Ain UAE"]
[Date "2013.12.24"]
[Round "6.39"]
[White "Abtini, Hasan"]
[Black "Djuraev, Sokhib"]
[Result "0-1"]
[BlackTitle "FM"]
[WhiteElo "2014"]
[BlackElo "2355"]
[WhiteFideId "7601506"]
[BlackFideId "14201690"]
[EventDate "2013.12.19"]

1. Nf3 c5 2. g3 Nc6 3. Bg2 d5 4. O-O e6 5. d3 g6 6. Nbd2 Bg7 7. e4 Nge7 8. Re1
b6 9. c3 O-O 10. Nf1 Bb7 11. e5 d4 12. c4 a6 13. Bf4 b5 14. b3 Qb6 15. Qd2 Qa5
16. Qc1 Qc3 17. N3d2 Na5 18. Ne4 Qxc1 19. Raxc1 bxc4 20. bxc4 Bxe4 21. Bxe4 Rab8
22. Bd2 Nac6 23. f4 Rb2 24. Ra1 Rfb8 25. Bc1 R2b6 26. g4 Kf8 27. Ng3 Ke8 28. Ba3
Nb4 29. Re2 a5 30. h4 Kd7 31. Rd1 Na6 32. Ree1 Nb4 33. Rd2 Nc8 34. Bf3 Bh6 35.
g5 Bf8 36. Ne4 Bg7 37. Bd1 Na6 38. Bb3 Kc7 39. Kf2 R6b7 40. Ba4 Ne7 41. Rdd1 h5
42. Ke2 Nc6 43. Nd2 Nab4 44. Ra1 Bf8 45. Ne4 Kb6 46. Reb1 Kc7 47. Bc1 Rb6 48.
Bd2 Na7 49. Rb3 Be7 50. Rab1 Nbc6 51. Rxb6 Rxb6 52. Rxb6 Kxb6 53. Nd6 Bxd6 54.
exd6 Nd8 55. Bd7 Nb7 56. f5 exf5 57. Bf4 Nc6 58. Bc8 Nbd8 59. Bd7 Ne6 60. Bh2 f4
61. Be8 Ne5 62. a4 Kb7 63. Bb5 Kc8 64. Be8 Kb8 65. Bb5 Kb7 66. Be8 Kc8 67. Bb5
Kd8 68. Bg1 f3+ 69. Kd2 Ng4 70. Ke1 Nf4 71. Bxd4 cxd4 72. c5 f2+ 73. Kf1 Nd5 0-1

[Event "Al-Ain Classic Open A 2013"]
[Site "Al-Ain UAE"]
[Date "2013.12.24"]
[Round "6.40"]
[White "Gator, Mosab"]
[Black "Enkhtuul, Altanulzii"]
[Result "0-1"]
[WhiteTitle "FM"]
[BlackTitle "WIM"]
[WhiteElo "2120"]
[BlackElo "2249"]
[WhiteFideId "1312383"]
[BlackFideId "4901444"]
[EventDate "2013.12.19"]

1. e4 Nf6 2. e5 Nd5 3. d4 d6 4. Nf3 Bg4 5. Be2 e6 6. exd6 cxd6 7. c4 Nb6 8. O-O
Be7 9. Nc3 O-O 10. Be3 Bf6 11. a4 d5 12. b3 a5 13. c5 Nc8 14. Rc1 Bxf3 15. Bxf3
Nc6 16. Qd2 N8e7 17. Bg4 b6 18. Nb5 bxc5 19. Rxc5 Na7 20. Be2 Nxb5 21. axb5 Ra7
22. Rfc1 a4 23. Ra1 a3 24. Qc3 Qb6 25. b4 a2 26. Bf3 Rfa8 27. Bd1 h6 28. g4 Qb8
29. Qd3 Ra3 30. Bb3 e5 31. Bc1 e4 32. Qd1 Bxd4 33. Bxa3 Bxa1 34. Qxa1 Rxa3 35.
Bxa2 Rh3 0-1

[Event "Al-Ain Classic Open A 2013"]
[Site "Al-Ain UAE"]
[Date "2013.12.24"]
[Round "6.41"]
[White "Kazimova, Narmin"]
[Black "Abdulkarim, Ali"]
[Result "1-0"]
[WhiteTitle "WIM"]
[WhiteElo "2238"]
[BlackElo "1944"]
[WhiteFideId "13402951"]
[BlackFideId "9301640"]
[EventDate "2013.12.19"]

1. Nf3 Nf6 2. c4 e6 3. Nc3 d5 4. d4 Bb4 5. Qa4+ Nc6 6. e3 O-O 7. Bd3 dxc4 8.
Bxc4 a6 9. O-O Qe7 10. Be2 Bxc3 11. bxc3 e5 12. Ba3 Qe8 13. dxe5 Nxe5 14. Qc2
Ng6 15. Bxf8 Qxf8 16. Rab1 Qc5 17. Rfc1 Bf5 18. Bd3 Bg4 19. Be4 Re8 20. Rb4 Rxe4
21. Rxe4 Bf5 22. Nd2 Qc6 23. f3 Ne5 24. Qd1 Nxe4 25. Nxe4 h6 26. Qd4 Bxe4 27.
Qxe4 Qc5 28. h3 b6 29. Rd1 g6 30. Rd5 1-0

[Event "Al-Ain Classic Open A 2013"]
[Site "Al-Ain UAE"]
[Date "2013.12.24"]
[Round "6.43"]
[White "Tuvsanaa, Nyamaa"]
[Black "Safarov, Zirva"]
[Result "1-0"]
[WhiteTitle "FM"]
[WhiteElo "2162"]
[BlackElo "2120"]
[WhiteFideId "4900413"]
[BlackFideId "13413040"]
[EventDate "2013.12.19"]

1. d4 Nf6 2. c4 e5 3. dxe5 Ng4 4. Nf3 Bc5 5. e3 Nc6 6. Bd2 Ngxe5 7. Nxe5 Nxe5 8.
Bc3 d6 9. a3 a5 10. Be2 O-O 11. Nd2 Bd7 12. b4 Bb6 13. c5 Ba7 14. O-O Re8 15.
cxd6 cxd6 16. Ne4 Bc6 17. Ng3 Rc8 18. b5 Bxg2 19. Bxa5 Qxa5 20. Kxg2 Bc5 21. a4
b6 22. Qd5 Re6 23. f4 Nd7 24. Bg4 Nf6 25. Qb7 Rce8 26. Bxe6 Rxe6 27. Nf5 h5 28.
h3 Qd2+ 29. Kh1 Qd3 30. Qc8+ Ne8 31. Ng3 Qxe3 32. Rg1 h4 33. Nf1 Qf3+ 34. Rg2
Re2 35. Qg4 Qxg4 36. hxg4 Re4 37. f5 Nf6 38. Nd2 Rb4 39. g5 Ng4 40. Re2 Kh7 41.
Re7 Rb2 42. Nf1 Nf2+ 43. Kg2 Ne4+ 44. Kh3 d5 45. Rd7 Nxg5+ 46. Kxh4 Rg2 47. Ng3
Nf3+ 48. Kg4 Ne5+ 49. Kh3 Rxg3+ 50. Kxg3 Nxd7 51. a5 bxa5 52. Rxa5 Kh6 53. Kh4
g5+ 54. fxg6 Kxg6 55. Kg4 Kf6 56. Kf4 Ke6 57. Ra6+ Bd6+ 58. Kf3 f5 59. b6 Nb8
60. Ra7 d4 61. Rh7 Kd5 62. Rh5 Ke5 63. b7 Ke6 64. Rh7 Be5 65. Rh6+ Kd5 66. Rh5
f4 67. Rg5 d3 68. Rg8 Nc6 69. Rc8 Nd4+ 70. Kf2 d2 71. Rd8+ Ke4 72. Re8 d1=Q 73.
Rxe5+ Kd3 74. b8=Q Qf3+ 75. Kg1 Qg3+ 76. Kf1 Qh3+ 77. Kf2 Qf3+ 78. Kg1 Qd1+ 79.
Kf2 Qc2+ 80. Kf1 f3 81. Qg8 Qb1+ 82. Re1 Qb5 83. Qc8 Nc2 84. Re8 Ne3+ 85. Kf2
Qb2+ 86. Kxf3 Qg2+ 87. Kf4 Qg4+ 88. Ke5 Qe4+ 89. Kf6 Nd5+ 90. Kf7 Qh7+ 91. Ke6
Kd4 92. Qd8 Qg6+ 93. Kd7 Qf5+ 94. Re6 Qf7+ 95. Kd6 Qf4+ 96. Kc6 Qc1+ 97. Kd7 Qf4
98. Qh8+ Kd3 99. Rd6 Qf7+ 100. Kc6 Kc4 101. Qh4+ Nf4 102. Qe1 Qf5 103. Qc1+ Kb3
104. Qe3+ Ka2 105. Rd2+ 1-0

[Event "Al-Ain Classic Open A 2013"]
[Site "Al-Ain UAE"]
[Date "2013.12.24"]
[Round "6.45"]
[White "Batjantsan, Purevjal"]
[Black "Ayyad, Husain"]
[Result "1/2-1/2"]
[BlackTitle "FM"]
[WhiteElo "2092"]
[BlackElo "2191"]
[WhiteFideId "4901231"]
[BlackFideId "11200243"]
[EventDate "2013.12.19"]

1. e4 e5 2. Nf3 Nc6 3. Bc4 Nf6 4. d4 exd4 5. O-O Nxe4 6. Re1 d5 7. Bxd5 Qxd5 8.
Nc3 Qh5 9. Nxe4 Be6 10. Bg5 h6 11. Bf6 Qg6 12. Nh4 Qh7 13. f4 Be7 14. Bxe7 Nxe7
15. Qxd4 O-O 16. Ng3 Rad8 17. Qc5 Ng6 18. Nxg6 Qxg6 19. f5 Qg5 20. Re5 b6 21.
Qf2 Bd5 22. Rae1 Bc6 23. Qe3 Qxe3+ 24. R5xe3 Rd2 25. R1e2 Rfd8 26. c4 Rd1+ 27.
Re1 R1d4 28. b3 Rd2 29. R1e2 a5 1/2-1/2

[Event "Al-Ain Classic Open A 2013"]
[Site "Al-Ain UAE"]
[Date "2013.12.24"]
[Round "6.47"]
[White "Kalinina, Larisa"]
[Black "Bakalar, Jan"]
[Result "1-0"]
[WhiteTitle "WIM"]
[WhiteElo "2155"]
[BlackElo "2033"]
[WhiteFideId "14106361"]
[BlackFideId "14901978"]
[EventDate "2013.12.19"]

1. e4 e6 2. d3 c5 3. Nf3 g6 4. Bd2 Bg7 5. Bc3 Nf6 6. g4 O-O 7. g5 Ne8 8. Bxg7
Nxg7 9. Qe2 Nc6 10. c3 b6 11. Nbd2 d5 12. O-O-O d4 13. e5 dxc3 14. bxc3 Bb7 15.
Ne4 Nf5 16. h4 Qc7 17. h5 Rfd8 18. Nf6+ Kf8 19. Nxh7+ Ke7 20. hxg6 Ncd4 21. cxd4
cxd4+ 22. Kb1 Rd5 23. Qb2 Rc5 24. Bg2 Rc8 25. Nf6 1-0

[Event "Al-Ain Classic Open A 2013"]
[Site "Al-Ain UAE"]
[Date "2013.12.24"]
[Round "6.48"]
[White "Laabi Chian, Majid"]
[Black "Khadzh Khamed, Naser"]
[Result "1-0"]
[WhiteElo "2092"]
[BlackElo "2022"]
[WhiteFideId "12500224"]
[BlackFideId "14118920"]
[EventDate "2013.12.19"]

1. d4 d5 2. Bf4 Nf6 3. e3 e6 4. Bd3 c5 5. c3 Nc6 6. Nd2 Bd6 7. Bxd6 Qxd6 8. f4
O-O 9. Ngf3 b6 10. a3 Bb7 11. Ne5 Qe7 12. O-O Nxe5 13. fxe5 Nd7 14. Qh5 f5 15.
exf6 Nxf6 16. Qh4 Rae8 17. Nf3 g6 18. Ne5 Nd7 19. Rxf8+ Nxf8 20. Qg3 Qg7 21. Rf1
Re7 22. Rf3 c4 23. Bc2 Ba6 24. h3 Bb5 25. e4 Be8 26. Qg5 h6 27. Qg3 g5 28. Ng4
Bg6 29. Qf2 dxe4 30. Nf6+ Kh8 31. Bxe4 Rf7 32. Bxg6 Nxg6 33. Nh5 Rxf3 34. Qxf3
Qe7 35. Qe4 Qf7 36. g3 b5 37. d5 exd5 38. Qd4+ Kg8 39. Nf6+ Kf8 40. Nxd5 Qf3 41.
Qf2 Qxf2+ 42. Kxf2 Ne5 43. Ke3 Nd3 44. b4 Ne1 45. Kd2 Nf3+ 46. Ke3 Ne1 47. Kd2
Nf3+ 48. Ke2 Ng1+ 49. Ke3 Nxh3 50. Nc7 h5 51. Nxb5 h4 52. Nxa7 hxg3 53. Kf3 Nf4
54. Nb5 g2 55. Kf2 Ke7 56. a4 Kd7 57. Nd4 Kc8 58. a5 Kb8 59. b5 Kb7 60. Kg1 Kc7
61. b6+ Kb7 62. Nb5 Ka6 63. Kh2 Kb7 64. Nd6+ Kb8 65. Ne4 Kb7 66. Nc5+ 1-0

[Event "Al-Ain Classic Open A 2013"]
[Site "Al-Ain UAE"]
[Date "2013.12.26"]
[Round "7.2"]
[White "Amin, Bassem"]
[Black "Gopal, G.N."]
[Result "1/2-1/2"]
[WhiteTitle "GM"]
[BlackTitle "GM"]
[WhiteElo "2654"]
[BlackElo "2540"]
[WhiteFideId "10601457"]
[BlackFideId "5015693"]
[EventDate "2013.12.19"]

1. e4 c5 2. d3 Nc6 3. g3 g6 4. Bg2 Bg7 5. c3 d6 6. Be3 Nf6 7. h3 O-O 8. Ne2 e5
9. O-O Re8 10. f4 exf4 11. gxf4 Nh5 12. Nd2 f5 13. Nf3 h6 14. Bf2 Kh7 15. Qd2
fxe4 16. dxe4 Rxe4 17. Ng5+ hxg5 18. Bxe4 gxf4 19. Kh2 Ne5 20. Ng1 Be6 21. Rad1
Qf6 22. Bd5 Bd7 23. c4 f3 24. Be1 Bh6 25. Qc3 Qf4+ 26. Kh1 Rf8 27. Nxf3 Bxh3 28.
Ng5+ Qxg5 29. Qxh3 Rxf1+ 30. Qxf1 Nf4 31. Rd2 Ng4 32. Bg3 Qh5+ 33. Bh2 Nxd5 34.
Qf7+ Kh8 35. Qe8+ Kh7 36. Qf7+ Kh8 37. Qe8+ 1/2-1/2

[Event "Al-Ain Classic Open A 2013"]
[Site "Al-Ain UAE"]
[Date "2013.12.26"]
[Round "7.3"]
[White "Miroshnichenko, Evgenij"]
[Black "Durarbayli, Vasif"]
[Result "0-1"]
[WhiteTitle "GM"]
[BlackTitle "GM"]
[WhiteElo "2626"]
[BlackElo "2559"]
[WhiteFideId "14102595"]
[BlackFideId "13402935"]
[EventDate "2013.12.19"]

1. g3 c5 2. Bg2 Nc6 3. e4 g6 4. Ne2 Bg7 5. O-O Nf6 6. f4 d6 7. d3 Bd7 8. c3 O-O
9. h3 b5 10. d4 cxd4 11. cxd4 e5 12. d5 Qb6+ 13. Kh1 Na5 14. f5 Nc4 15. g4 Ne3
16. Bxe3 Qxe3 17. Qd2 Bh6 18. Qxe3 Bxe3 19. a3 a5 20. fxg6 fxg6 21. Nbc3 Kg7 22.
Ng3 b4 23. axb4 axb4 24. Nce2 Bb5 25. Rxa8 Rxa8 26. Rf3 Ra1+ 27. Kh2 Bd2 28. Bf1
Ba6 29. Kg2 Ra2 30. Ng1 Bxf1+ 31. Rxf1 Rxb2 32. Rf2 Rb3 33. Nf3 Bf4 34. g5 Nd7
35. Rc2 Rc3 36. Rxc3 bxc3 37. Ne1 Nc5 38. h4 h6 0-1

[Event "Al-Ain Classic Open A 2013"]
[Site "Al-Ain UAE"]
[Date "2013.12.26"]
[Round "7.5"]
[White "Kravtsiv, Martyn"]
[Black "Pourramezanali, Amirreza"]
[Result "1-0"]
[WhiteTitle "GM"]
[BlackTitle "FM"]
[WhiteElo "2617"]
[BlackElo "2458"]
[WhiteFideId "14113147"]
[BlackFideId "12511412"]
[EventDate "2013.12.19"]

1. e4 e6 2. d4 d5 3. e5 c5 4. c3 Nc6 5. Nf3 Bd7 6. Be2 f6 7. O-O fxe5 8. Nxe5
Nxe5 9. dxe5 Qc7 10. c4 d4 11. Re1 O-O-O 12. Bd3 Ne7 13. Nd2 Nc6 14. Ne4 Be7 15.
Bf4 Rdf8 16. Bg3 h5 17. h3 g5 18. Nd6+ Kb8 19. Be4 g4 20. hxg4 hxg4 21. Qxg4
Nxe5 22. Bxe5 Bxd6 23. Bxh8 Rxh8 24. Rad1 Bc8 25. g3 Qf7 26. Qg6 Qf8 27. Bg2 a5
28. Rd3 Rh6 29. Qe4 Qf7 30. Rf3 Qc7 31. Rb3 Ka7 32. Rb5 Ka6 33. b4 cxb4 34. Qxd4
b6 35. Qe3 Rf6 36. Qd4 Rh6 37. Rg5 e5 38. Qd5 Bb7 39. Qb5+ Ka7 40. Rd1 Bxg2 41.
Kxg2 Qe7 42. c5 Qb7+ 43. f3 Bc7 44. Rg7 Rc6 45. Rdd7 Kb8 46. Rg8+ Ka7 47. Rc8 1-0

[Event "Al-Ain Classic Open A 2013"]
[Site "Al-Ain UAE"]
[Date "2013.12.26"]
[Round "7.6"]
[White "Babujian, Levon"]
[Black "Salem, A.R. Saleh"]
[Result "1-0"]
[WhiteTitle "GM"]
[BlackTitle "GM"]
[WhiteElo "2512"]
[BlackElo "2564"]
[WhiteFideId "13301993"]
[BlackFideId "9301348"]
[EventDate "2013.12.19"]

1. d4 Nf6 2. c4 e6 3. Nc3 Bb4 4. e3 O-O 5. Bd3 d5 6. Nf3 c5 7. a3 Bxc3+ 8. bxc3
Qc7 9. cxd5 cxd4 10. O-O dxc3 11. d6 Qa5 12. Rb1 a6 13. Rb4 Rd8 14. Rh4 e5 15.
Ng5 h6 16. f4 e4 17. Nxe4 Nbd7 18. Nf2 Nf8 19. f5 Rxd6 20. e4 N6d7 21. Qg4 Ne5
22. Qg3 Kh7 23. Bc2 f6 24. Bb3 Ne6 25. fxe6 Bxe6 26. Bxe6 Rxe6 27. Bxh6 gxh6 28.
Qh3 f5 29. exf5 Rc6 30. Qe3 c2 31. f6 Rxf6 32. Qe4+ Rg6 33. Qxb7+ Rg7 34. Qxa8
Qc3 35. Qe4+ Kg8 36. Qd5+ Kh7 37. Qe4+ Rg6 38. Rh3 c1=Q 39. Rxc3 Qxc3 40. Rb1
Kg7 41. Rb7+ Nf7 42. h3 Qc1+ 43. Kh2 Qxa3 44. Qd4+ Kg8 45. Ne4 Nd6 46. Rb6 Qa2
47. Rb8+ 1-0

[Event "Al-Ain Classic Open A 2013"]
[Site "Al-Ain UAE"]
[Date "2013.12.26"]
[Round "7.7"]
[White "Pashikian, Arman"]
[Black "Rasulov, Vugar"]
[Result "1/2-1/2"]
[WhiteTitle "GM"]
[BlackTitle "GM"]
[WhiteElo "2617"]
[BlackElo "2529"]
[WhiteFideId "13301578"]
[BlackFideId "13402390"]
[EventDate "2013.12.19"]

1. d4 Nf6 2. Nf3 c5 3. d5 e6 4. Nc3 Nxd5 5. Nxd5 exd5 6. Qxd5 Nc6 7. e4 d6 8.
Ng5 Qc7 9. Bc4 Nd8 10. Bb5+ Nc6 11. Nxf7 Qa5+ 12. Bd2 Qxb5 13. Nxh8 Be7 14.
O-O-O Nd4 15. Qg8+ Kd7 16. Bc3 Bf6 17. Bxd4 cxd4 18. f4 Kc7 19. Rd3 Rb8 20. Qxh7
Be6 21. Ng6 Bc4 22. Qh3 Re8 23. Qf3 Bxd3 24. Qxd3 Qh5 25. e5 dxe5 26. Qe4 Kb8
27. Kb1 Re6 28. fxe5 Bxe5 29. Nf4 Qg4 30. Re1 Re7 31. Ng6 Qxe4 32. Rxe4 Rf7 33.
a3 Bxh2 34. Rh4 Bg1 35. Rg4 Bh2 36. Nh4 Rf4 37. Rxf4 Bxf4 38. Nf5 Be5 39. Kc1
Kc7 40. Kd2 Kc6 41. Kd3 Kd5 42. a4 Bf6 43. b3 g6 44. Ng3 Bg7 45. Ne2 Be5 46. Ng1
Bg7 47. Ne2 Be5 48. Ng1 Bg7 1/2-1/2